00621cam a2200181I 45000010008000000030006000080050017000140080041000310200015000720400023000870500009001101000033001192450120001522600056002723000024003286500021003526500066003731261174OCoLC20210204114138.0750408s1973 mnu 000 0 eng d a0913686042 aAPLcAPLdCSBdDAY bL7511 aLindsell, Harold,d1913-199814aThe world, the flesh, & the devil.cSpecial crusade edition published for the Billy Graham Evangelistic Association aMinneapolis, Minn.bWorld Wide Publicationsc[1973] axiii, 219 p.c21 cm 0aChristian ethics 4aBenedictine Sisters of Perpetual AdorationxBooks and reading